| 000 | 00665nam a2200205 a 4500 | ||
|---|---|---|---|
| 001 | 12222 | ||
| 003 | CO-ViMGA | ||
| 008 | 141112s2004 ck r 000 u spa d | ||
| 020 | _a968880889X | ||
| 040 |
_aCO-ViMGA _bspa _cCO-ViMGA |
||
| 082 | 0 | 4 | _a658.406 N63c |
| 100 | 1 |
_aNoer, David _917360 |
|
| 245 | 1 | 0 |
_aEl cambio en las organizaciones : _bel camino para la transformacion de las personas y las empresas |
| 260 |
_aMexico, _cPrentice Hall, _c1995 |
||
| 300 | _a262 p. + 1 disk | ||
| 590 | _aPrecio : 45.000 - - Fecha de adquisición : Ag. 23, 2000 | ||
| 650 | 1 | 4 |
_aADMINISTRACION DE EMPRESAS _92735 |
| 650 | 1 | 4 |
_aCAMBIO ORGANIZACIONAL _917361 |
| 942 |
_2ddc _cBK |
||
| 999 |
_c23236 _d23236 |
||